Podniky v čase krízy

Základné príčiny poslednej krízy. Zmeny, ktoré podniky zavádzali v snahe zvrátiť alebo aspoň zmierniť negatívny vývoj. Na prekonanie súčasných hlbokých problémov jednotlivých ekonomík EÚ a Únie ako celku sú potrebné ďalšie rozhodné kroky smerujúce k zabezpečeniu fiškálnej udržateľnosti, vyriešeniu...

Descrizione completa

Salvato in:
Dettagli Bibliografici
Autore principale: Barátová, Veronika
Natura: Capitolo di libro
Lingua:slovacco
Soggetti:
Tags: Aggiungi Tag
Nessun Tag, puoi essere il primo ad aggiungerne!!

MARC

LEADER 00000nla$a2200000$$$4500
001 0145023
005 20240502072614.0
041 0 |a slo 
044 |a SK 
245 1 0 |a Podniky v čase krízy  |c Veronika Barátová 
520 |a Základné príčiny poslednej krízy. Zmeny, ktoré podniky zavádzali v snahe zvrátiť alebo aspoň zmierniť negatívny vývoj. Na prekonanie súčasných hlbokých problémov jednotlivých ekonomík EÚ a Únie ako celku sú potrebné ďalšie rozhodné kroky smerujúce k zabezpečeniu fiškálnej udržateľnosti, vyriešeniu problémov bankového sektora a obnovenia hospodárskeho rastu. 
610 2 0 |a podnik 
610 2 0 |a kríza hospodárska 
610 2 0 |a kríza finančná 
610 2 0 |a zdroje finančné 
610 2 0 |a zdroje podnikové 
610 2 0 |a stratégia podniková 
610 2 0 |a stratégia inovačná 
610 2 0 |a vzdelávanie ďalšie 
100 1 |a Barátová, Veronika